LEADER 01076nam a2200253 i 4500 001 000000182770 003 CaOOAMICUS 005 20091030000000.0 008 091030s1965 it u000 u ita u 013 $a160731 040 $aSeMil$bita 100 1 $aLavallée, Florian.$0(OLS)http://semarc/name/67321 240 10$aPourquoi le célibat du prêtre?.$0(OLS)http://semarc/title/262253 245 10$aPerché il celibato dei preti? /$cF. Lavallée, J. Folliet. 260 $aFrancavilla :$bEdizioni Paoline,$ccopyr. 1965. 300 $a117 p. ;$c18 cm. 490 0 $aUt innotescat ;$v75 650 4$aCelibato ecclesiastico.$0(OLS)http://semarc/subject/1627 700 1 $aFolliet, Joseph,$d<1903-1972>.$0(OLS)http://semarc/name/10247 830 0$aUt innotescat ;$v75.$0(OLS)http://semarc/title/6185 850 $aSeMil 852 $aSeMil$W1$xVenegono$y1$m3E I 187$j133474$B133474$CSeMilBibl$Z2$F145245 $81 996 $6245$aPerché il celibato dei preti?$9(OLS)http://semarc/title/262252 996 $6260$aFrancavilla :$bEdizioni Paoline$9(OLS)http://semarc/publisher/36057 LEADER 00862nam a2200193 i 4500 001 000000045983 003 CaOOAMICUS 005 20090724000000.0 008 090724s1960 xx u000 u lat u 013 $a17153 040 $aSeMil$bita 100 1 $aTromp, Sebastiaan Peter Cornelis .$0(OLS)http://semarc/name/7600 245 13$aDe Christo capite mystici corporis /$cSebastianus Tromp. 300 $aXI, 585 p. ;$c22 cm. 650 4$aEcclesiologia.$0(OLS)http://semarc/subject/42996 773 0 $aTromp, Sebastiaan Peter Cornelis $tCorpus Christi quod est Ecclesia.$dRomae : Apud Aedes Pontificiae Universitatis Gregorianae, 1960.$g2$w()21760 850 $aSeMil 852 $aSeMil$W1$xVenegono$y1$m2A III 130$j12138$B12138$CSeMilBibl$Z2$F12138 $81 996 $6245$aDe Christo capite mystici corporis$9(OLS)http://semarc/title/68580